| 000 | 01050 a2200277 4500 | ||
|---|---|---|---|
| 003 | Nust | ||
| 005 | 20170207165831.0 | ||
| 010 | _a 2008922524 | ||
| 020 | _a1402081650 | ||
| 020 | _a1402081669 (e-book) | ||
| 020 | _a9781402081651 | ||
| 020 | _a9781402081668 (e-book) | ||
| 035 | _a(OCoLC)ocn213479546 | ||
| 040 | _cNust | ||
| 082 | 0 | 4 | _a621.38224 |
| 100 | 1 | _aHelmy, Ahmed Abdel-Ghaffar. | |
| 245 | 1 | 0 |
_aSubstrate noise coupling in RFICs (E-BOOK) _cby Ahmed Helmy and Mohammed Ismail. |
| 260 |
_a[New York] : _bSpringer, _cc2008. |
||
| 300 |
_axv, 119 p. : _bill. ; _c25 cm. |
||
| 440 | 0 | _aAnalog circuits and signal processing series | |
| 650 | 0 | _aTelecommunications engineering (E Book) | |
| 700 | 1 | _aIsmail, Mohammed. | |
| 856 | 4 | 2 |
_3Contributor biographical information _uhttp://www.loc.gov/catdir/enhancements/fy0904/2008922524-b.html |
| 856 | 4 | 2 |
_3Publisher description _uhttp://www.loc.gov/catdir/enhancements/fy1102/2008922524-d.html |
| 856 | 4 | 2 |
_3Table of contents only _uhttp://www.loc.gov/catdir/enhancements/fy0904/2008922524-t.html |
| 942 |
_2ddc _cBK |
||
| 999 |
_c213281 _d213281 |
||